| 000 | 00769cam a22002415a 4500 | ||
|---|---|---|---|
| 008 | 161101b xxu||||| |||| 00| 0 eng d | ||
| 020 | _a9780081005972 | ||
| 040 |
_beng _dEG-ScBUE |
||
| 082 | 0 | 4 |
_a621.69 _222 _bSTO |
| 100 | 1 |
_aStoffel, Bernd, _eauthor. |
|
| 245 | 1 | 0 |
_aAssessing the energy efficiency of pumps and pump units : _bbackground and methodology / _cBernd Stoffel, Peter F. Pelz. |
| 250 | _a1st ed. | ||
| 260 |
_aAmsterdam : _bElsevier ; _cc. 2015. |
||
| 263 | _a201504 | ||
| 300 |
_axxi, 136 p. : _c23 cm. _bill. ; |
||
| 500 | _aIncludes bibliographical references. | ||
| 590 | _ashima | ||
| 650 | 7 |
_aCentrifugal pumps _xPerformance. _2BUEsh |
|
| 651 | _2BUEsh | ||
| 653 |
_bENGGEN _cNovember2016 |
||
| 700 | 1 |
_aPelz, Peter F., _eauthor. |
|
| 942 | _2ddc | ||
| 999 |
_c22980 _d22952 |
||